000
00299nam a22001337a 4500
020
_a
817826468-4
082
_a
823
_b
GRI/G
100
_a
BROTHERS GRIMM
245
_a
THE GOOSE GIRL
260
_a
DELHI
_b
ROHAN BOOK COMPANY
_c
2003
300
_a
220
650
_a
MODERN ILLUSTRATED CLASSICS
942
_c
BK
999
_c
364
_d
364